Matteo Civitali e il suo tempo : pittori, scultori e orafi a Lucca nel tardo Quattrocento ; [Lucca, Museo Nazionale di Villa Guinigi, 3 aprile - 11 luglio 2004]
Saved in:
| Other Authors: | |
|---|---|
| Document Type: | Book |
| Language: | Italian |
| Published: |
Cinisello Balsamo (Milano)
: Silvana
, 2004
|
| Subjects: | |
| Online Access: | Inhaltsverzeichnis Inhaltsverzeichnis |
| Related Items: | Rezensiert in:
[Rezension von: Matteo Civitali e il suo tempo] |
| Author Notes: | [autori del catalogo Clara Baracchini ...] |
| LEADER | 03980cam a2200829 c 4500 | ||
|---|---|---|---|
| 001 | 387439757 | ||
| 003 | DE-627 | ||
| 005 | 20260614203620.0 | ||
| 007 | tu | ||
| 008 | 040524s2004 it ||||| c 00| ||ita c | ||
| 016 | 7 | |a 04609972 |2 DE-101 | |
| 020 | |a 8882157342 |9 88-8215-734-2 | ||
| 024 | 3 | |a 9788882157340 | |
| 035 | |a (DE-627)387439757 | ||
| 035 | |a (DE-603)121153029 | ||
| 035 | |a (DE-576)111937868 | ||
| 035 | |a (DE-599)GBV387439757 | ||
| 035 | |a (OCoLC)249531217 | ||
| 035 | |a (OCoLC)249531217 | ||
| 035 | |a (OCoLC)615353403 | ||
| 040 | |a DE-627 |b ger |c DE-627 |e rakwb | ||
| 041 | |a ita | ||
| 044 | |c XA-IT | ||
| 050 | 0 | |a NB623.C5 | |
| 082 | 0 | |a 709 | |
| 082 | 0 | |a 730.94553 |2 DDC22oclc | |
| 084 | |a 9,10 |2 ssgn | ||
| 084 | |a LI 99999 |2 rvk |0 (DE-625)rvk/97471: | ||
| 084 | |a 20.31 |2 bkl | ||
| 245 | 0 | 0 | |a Matteo Civitali e il suo tempo |b pittori, scultori e orafi a Lucca nel tardo Quattrocento ; [Lucca, Museo Nazionale di Villa Guinigi, 3 aprile - 11 luglio 2004] |c [autori del catalogo Clara Baracchini ...] |
| 264 | 1 | |a Cinisello Balsamo (Milano) |b Silvana |c 2004 | |
| 300 | |a 597 S |b zahlr. Ill |c 28 cm | ||
| 336 | |a Text |b txt |2 rdacontent | ||
| 336 | |a unbewegtes Bild |b sti |2 rdacontent | ||
| 337 | |a ohne Hilfsmittel zu benutzen |b n |2 rdamedia | ||
| 338 | |a Band |b nc |2 rdacarrier | ||
| 500 | |a Lucca (Tuscany). - M. Civitali (1436-1501). - Contains bibliography (pp. 573-597) and notes | ||
| 583 | 1 | |a Archivierung prüfen |c 20200919 |f DE-640 |z 3 |2 pdager | |
| 583 | 1 | |a Archivierung/Langzeitarchivierung gewährleistet |f SSG |x XA-DE-BW |2 pdager |5 DE-16 | |
| 600 | 1 | 0 | |a Civitali, Matteo di Giovanni |x Exhibitions |
| 600 | 1 | 7 | |0 (DE-588)119254603 |0 (DE-627)254854672 |0 (DE-576)211803448 |a Civitali, Matteo |d 1436-1501 |2 gnd |
| 650 | 0 | |a Art, Italian |x Exhibitions |x 15th century |x Italy |x Lucca | |
| 650 | 0 | |a Art, Renaissance |x Exhibitions |x Italy |x Lucca | |
| 655 | 7 | |a Ausstellungskatalog |0 (DE-588)4135467-9 |0 (DE-627)10566491X |0 (DE-576)209660988 |2 gnd-content | |
| 655 | 7 | |a Ausstellungskatalog |y 2004 |z Lucca |0 (DE-588)4135467-9 |0 (DE-627)10566491X |0 (DE-576)209660988 |2 gnd-content | |
| 689 | 0 | 0 | |d p |0 (DE-588)119254603 |0 (DE-627)254854672 |0 (DE-576)211803448 |a Civitali, Matteo |d 1436-1501 |2 gnd |
| 689 | 0 | 1 | |d g |0 (DE-588)4074354-8 |0 (DE-627)106089897 |0 (DE-576)209193514 |a Lucca |2 gnd |
| 689 | 0 | 2 | |d s |0 (DE-588)4114333-4 |0 (DE-627)105822957 |0 (DE-576)209483733 |a Kunst |2 gnd |
| 689 | 0 | 3 | |d s |0 (DE-588)4139550-5 |0 (DE-627)105634557 |0 (DE-576)209695307 |a Bildhauer |2 gnd |
| 689 | 0 | 4 | |a z |2 gnd |a Geschichte 1450-1505 |
| 689 | 0 | |5 (DE-627) | |
| 700 | 1 | |a Baracchini, Carla |4 oth | |
| 700 | 1 | |a Civitali, Matteo |d 1436-1501 |e Ill. |0 (DE-588)119254603 |0 (DE-627)254854672 |0 (DE-576)211803448 |4 ill | |
| 700 | 1 | |8 1\p |a Filieri, Maria Teresa |e Hrsg. |0 (DE-588)136050123 |0 (DE-627)574431802 |0 (DE-576)300801262 |4 edt | |
| 700 | 1 | |a Baracchini, Clara |d 1943-2021 |0 (DE-588)13727291X |0 (DE-627)591587459 |0 (DE-576)302892206 |4 oth | |
| 710 | 2 | |a Museo nazionale di Villa Guinigi |0 (DE-588)5039859-3 |0 (DE-627)103797939 |0 (DE-576)193172372 |4 oth | |
| 787 | 0 | 8 | |i Rezensiert in |a Kohl, Jeanette |t [Rezension von: Matteo Civitali e il suo tempo] |d Regensburg : Schnell und Steiner, 2006 |w (DE-627)1554812747 |w (DE-576)484812742 |
| 856 | 4 | 2 | |u https://swbplus.bsz-bw.de/bsz111937868inh.htm |m V:DE-576 |v 2004-07-20 |3 Inhaltsverzeichnis |7 1 |
| 856 | 4 | 2 | |u https://scans.hebis.de/HEBCGI/show.pl?12115302_toc.pdf |m V:DE-576 |q application/pdf |3 Inhaltsverzeichnis |7 1 |
| 883 | |8 1\p |a cgwrk |d 20241001 |q DE-101 |u https://d-nb.info/provenance/plan#cgwrk | ||
| 935 | |i Blocktest | ||
| 936 | r | v | |a LI 99999 |b Sonstige |k Kunstgeschichte |k Künstler-Monografien |k Sonstige |0 (DE-627)1270635948 |0 (DE-625)rvk/97471: |0 (DE-576)200635948 |
| 936 | b | k | |a 20.31 |j Bildende Künstler |0 (DE-627)181571080 |
| 936 | s | n | |a l300 |2 mzub |
| 951 | |a BO | ||
| 990 | |a Civitali, Matteo | ||
| 990 | |a Lucca | ||
| 990 | |a Kunst | ||
| 990 | |a Bildhauer | ||
| 990 | |a Geschichte 1450-1505 | ||
| 991 | |a Rezensiertes Werk | ||
| 999 | |a KXP-PPN387439757 |e 4154277480 | ||


